000 01036cam a2200301 i 4500
001 768714001
003 CO-MdBIC
005 20231123153912.0
007 ta
008 231123t2001 -us||||| |||| 00| 0 spa d
020 _a1-55883-124-x
040 _bspa.
_aCO-MdFUSB
_cCO-MdFUSB
_dCO-MdFUSBC
_erda
041 _aspa
082 0 4 _aG 230.42 M4954p
100 1 _aMeeter, H. Henry (1886-1963)
245 1 0 _aPrincipios teológicos y políticos del pensamiento reformado / H. Henry Meeter y Paul Marshall ; Humberto Casanova Roberts, Editor General ; Benjamín Galán, Traductor
_c/
264 1 _aGrand Rapids, Mic., USA : Libros Desafío
_bLibros Desafío,
_c[2001]
264 4 _c©2001
300 _a254 Pag
_c;
336 _atexto
_btxt
_2rdacontent
337 _2rdamedia
_asin mediación
_bn
338 _2rdacarrier
_avolumen
_bnc
500 _aTítulo original : The Basic Ideas of Calvinism
650 2 _aPensamiento religioso
_9959
650 7 _aCristianismo y cultura
_2embne
_96959
942 _cBK
945 _ajohan1477
999 _c34296
_d34296